Countries with 10 Letters - Statistics

General Stats
  • This quiz has been taken 3,515 times
    3,511 since last reset
  • The average score is 7 of 12
Answer Stats
Continent Country % Correct
Asia Uzbekistan
75%
Asia Tajikistan
73%
Asia Kazakhstan
68%
Europe Luxembourg
63%
Africa Mozambique
61%
Asia Kyrgyzstan
59%
Africa Madagascar
57%
Asia Azerbaijan
56%
Europe Montenegro
49%
Africa Mauritania
47%
Asia Bangladesh
43%
Africa Seychelles
31%
No matching quizzes found
Score Distribution
Percent of People with Each Score
Percentile by Number Answered
Your Score History
You have not taken this quiz since the last reset